[Event "Bad Sooden-Allendorf Seniors op 14th"]
[Site "Bad Sooden-Allendorf"]
[Date "2002.04.26"]
[Round "5"]
[White "Schneidereit, Manfred"]
[Black "Bamme, Erich"]
[Result "1/2-1/2"]
[WhiteElo "1541"]
[BlackElo "1712"]
[PlyCount "47"]
[EventDate "2002.04.??"]
[EventType "swiss"]
[EventRounds "9"]
[EventCountry "GER"]
[SourceTitle "EXT 2006"]
[Source "ChessBase"]
[SourceDate "2005.11.24"]
[SourceVersion "1"]
[SourceVersionDate "2005.11.24"]
[SourceQuality "1"]

1. Nf3 d5 2. g3 c6 3. Bg2 Nd7 4. d4 Ngf6 5. 0-0 e6 6. Bg5 Be7 7. Nbd2 0-0 8. c4 h6 9. Bxf6 Bxf6 10. Rc1 Qb6 11. Nb3 Qa6 12. cxd5 exd5 13. a3 Qb6 14. e3 a5 15. Qc2 Be7 16. Nc5 Nxc5 17. dxc5 Qc7 18. b4 axb4 19. axb4 Bd7 20. Rb1 b6 21. Nd4 bxc5 22. bxc5 Bf6 23. Rb4 Be7 24. Rd1 1/2-1/2

[Event "Bad Sooden-Allendorf Seniors op 14th"]
[Site "Bad Sooden-Allendorf"]
[Date "2002.04.22"]
[Round "1"]
[White "Igney, Volkhard"]
[Black "Bamme, Erich"]
[Result "1-0"]
[WhiteElo "2232"]
[BlackElo "1712"]
[PlyCount "75"]
[EventDate "2002.04.??"]
[EventType "swiss"]
[EventRounds "9"]
[EventCountry "GER"]
[SourceTitle "EXT 2006"]
[Source "ChessBase"]
[SourceDate "2005.11.24"]
[SourceVersion "1"]
[SourceVersionDate "2005.11.24"]
[SourceQuality "1"]

1. d4 d5 2. c4 c6 3. Nf3 Nf6 4. Nc3 e6 5. cxd5 exd5 6. Bg5 Be7 7. Qc2 h6 8. Bh4 0-0 9. e3 Ne4 10. Bxe7 Qxe7 11. Bd3 Nxc3 12. bxc3 Nd7 13. 0-0 Nf6 14. Rae1 Qd6 15. Ne5 c5 16. f4 c4 17. Be2 Ne4 18. Nxc4 Qc6 19. Bd3 f5 20. Ne5 Qf6 21. Bxe4 fxe4 22. c4 Qd6 23. c5 Qe6 24. Qb3 Kh7 25. g4 Rd8 26. f5 Qf6 27. Rf4 a5 28. Rb1 Ra6 29. Qd1 Kg8 30. Qe1 h5 31. h3 Qg5 32. h4 Qe7 33. g5 Qf8 34. Qf2 Qe7 35. Rf1 Qf8 36. Qe2 Qe8 37. g6 Rf6 38. Qxh5 1-0